[Event "GER-chT U10"]
[Site "Magdeburg"]
[Date "2016.12.29"]
[Round "6.2"]
[White "Natebus, Wenzel"]
[Black "Schiffner, Robin"]
[Result "0-1"]
[WhiteElo "955"]
[BlackElo "1172"]
[PlyCount "65"]
[EventDate "2016.12.27"]
[EventType "team-swiss"]
[EventRounds "7"]
[EventCountry "GER"]
[SourceTitle "EXT 2018"]
[Source "ChessBase"]
[SourceDate "2017.10.13"]
[SourceVersion "1"]
[SourceVersionDate "2017.10.13"]
[SourceQuality "1"]
[WhiteTeam "Halle USV"]
[BlackTeam "Magdeburg USC"]
[WhiteTeamCountry "GER"]
[BlackTeamCountry "GER"]

1. e4 c5 2. Nf3 d6 3. c3 Nf6 4. Bb5+ Nbd7 5. d3 a6 6. Ba4 b5 7. Bb3 Bb7 8. Ng5 e6 9. Bf4 Be7 10. Nd2 0-0 11. Qf3 h6 12. Nh3 Qb6 13. Qg3 Kh8 14. Be3 Ne5 15. Bd1 Nxd3+ 16. Ke2 Nxb2 17. Nf4 Nxd1 18. Kxd1 Nxe4 19. Nxe4 Bxe4 20. Nh5 Rg8 21. Qf4 Bg6 22. Qf3 Qa5 23. Bd2 Qa4+ 24. Ke1 Qe4+ 25. Qxe4 Bxe4 26. f3 Bd3 27. Nf4 Bc4 28. Kd1 a5 29. Kc2 b4 30. cxb4 axb4 31. Kb2 Bf6+ 32. Kc2 Bxa1 33. Rxa1 0-1

[Event "GER-chT U10"]
[Site "Magdeburg"]
[Date "2016.12.28"]
[Round "3.2"]
[White "Mueller Borghardt, Jakob"]
[Black "Natebus, Wenzel"]
[Result "1-0"]
[WhiteElo "825"]
[BlackElo "955"]
[PlyCount "87"]
[EventDate "2016.12.27"]
[EventType "team-swiss"]
[EventRounds "7"]
[EventCountry "GER"]
[SourceTitle "EXT 2018"]
[Source "ChessBase"]
[SourceDate "2017.10.13"]
[SourceVersion "1"]
[SourceVersionDate "2017.10.13"]
[SourceQuality "1"]
[WhiteTeam "Stade II"]
[BlackTeam "Halle USV"]
[WhiteTeamCountry "GER"]
[BlackTeamCountry "GER"]

1. d4 d5 2. c4 dxc4 3. e4 e5 4. d5 Nf6 5. f3 Bb4+ 6. Bd2 Bxd2+ 7. Qxd2 c6 8. Bxc4 cxd5 9. Bxd5 Nxd5 10. exd5 Bf5 11. Nc3 Nd7 12. Nge2 0-0 13. 0-0 h6 14. Ng3 Qb6+ 15. Qf2 Qxf2+ 16. Rxf2 Bg6 17. f4 exf4 18. Rxf4 Nc5 19. Rd4 Bc2 20. Rb4 Ba4 21. b3 Bd7 22. Nge4 Nxe4 23. Rxe4 Rae8 24. Rae1 Rxe4 25. Nxe4 Bf5 26. Nd6 Bc8 27. Nxc8 Rxc8 28. d6 Rd8 29. Kf2 Kf8 30. Ke3 Ke8 31. Ke4 Kd7 32. Kd5 g5 33. Re4 Re8 34. Rb4 Rb8 35. a4 a5 36. Rb5 b6 37. b4 axb4 38. Rxb4 f5 39. g3 f4 40. gxf4 gxf4 41. Rxf4 b5 42. Rf7+ Kd8 43. Rf8+ Kd7 44. Rxb8 1-0